书目信息 |
| 题名: |
《当代中文》汉字本
|
|
| 作者: | 吴中伟 主编 ;庞文薇 , 陈慧 翻译 | |
| 分册: | 汉字本 | |
| 出版信息: | 北京 华语教学出版社 2009 |
|
| 页数: | 222页 | |
| 开本: | 29cm | |
| 丛书名: | ||
| 单 册: | ||
| 中图分类: | H195.4 | |
| 科图分类: | ||
| 主题词: | 汉语 , 汉语--对外汉语教学--教材 | |
| 电子资源: | ||
| ISBN: | 978-7-80200-611-9 | |
| 000 | 00984nam0 2200301 450 | |
| 001 | 1241801340 | |
| 005 | 20120110113806.65 | |
| 010 | @a978-7-80200-611-9@dCNY89.00 | |
| 090 | @aH195@bwzw | |
| 096 | @aH195@bwzw | |
| 100 | @a20091207d2009 em y0chiy50 ea | |
| 101 | 0 | @achi@ager |
| 102 | @aCN@b110000 | |
| 105 | @aa z 000yy | |
| 200 | 1 | @a《当代中文》汉字本@A《dang dai zhong wen》han zi ben@9dang dai zhong wen@e德语版@i汉字本@b专著@f吴中伟主编@g陈慧,庞文薇翻译 |
| 210 | @a北京@c华语教学出版社@d2009 | |
| 215 | @a222页@c图@d29cm | |
| 215 | @a222页@c图@d29cm | |
| 304 | @a德文共同题名:Chinesisch | |
| 330 | @a本书内容包括:20课,课后附有汉字索引和练习参考答案。 | |
| 606 | 0 | @a汉语 |
| 606 | 0 | @a汉语@x对外汉语教学@j教材 |
| 690 | @aH195.4@v4 | |
| 701 | 0 | @a吴中伟@f(1964~)@4主编@9wu zhong wei |
| 702 | 0 | @a庞文薇@c(女,@f1980~)@4翻译@9pang wen wei |
| 702 | 0 | @a陈慧@c(德语)@4翻译@9chen hui |
| 801 | 0 | @aCN@b110017@c20091127 |
| 905 | @aZUCC@dH195.4@eW9272 | |
| 《当代中文》汉字本:德语版.汉字本/吴中伟主编/陈慧,庞文薇翻译.-北京:华语教学出版社,2009 |
| 222页:图;29cm.-222页:图;29cm |
| ISBN 978-7-80200-611-9:CNY89.00 |
| 本书内容包括:20课,课后附有汉字索引和练习参考答案。 |
| ● |
| 相关链接 |
|
|
|
正题名:《当代中文》汉字本
索取号:H195.4/W9272
 
预约/预借
| 序号 | 登录号 | 条形码 | 馆藏地/架位号 | 状态 | 备注 |
| 1 | 483207 | 204832075 | 语言库209/209语言库 79排1列4层/ [索取号:H195.4/W9272] | 在馆 | |
| 2 | 483208 | 204832084 | 语言库209/209语言库 79排1列4层/ [索取号:H195.4/W9272] | 在馆 | |
| 3 | 483209 | 204832093 | 语言库209/209语言库 79排1列4层/ [索取号:H195.4/W9272] | 在馆 |